[Event "AUTO-ADV-4911"]
[Site "http://www.queenalice.com/game.php?id=1873021"]
[Date "2026.5.7"]
[Round "2"]
[White "Tonto"]
[Black "Anusha"]
[Result "0-1"]
[WhiteElo "1999"]
[BlackElo "2173"]

1. Nc3 c5 2. e4 d6 3. Nf3 Nf6 4. Be2 Nc6 5. O-O a6 6. Bc4 Bg4 7. h3 Bh5 8. Be2
e6 9. d3 Bxf3 10. Bxf3 Nd4 11. Be3 Nxf3+ 12. Qxf3 Be7 13. e5 dxe5 14. Na4 b6 15.
Nxb6 Rb8 16. Qc6+ Nd7 17. Nc4 O-O 18. Qxa6 Qc7 19. b3 Ra8 20. Qb5 Rfb8 21. Nb6
Nxb6 22. Bd2 Nd5 23. Qc4 Qd8 24. a4 h6 25. Qe4 Bd6 26. Qg4 Qf6 27. c4 Ne7 28. f4
exf4 29. Rab1 Ng6 30. Kh1 Qd4 31. Qf3 Qf6 32. Rbe1 Ra7 33. Re4 Rxb3 34. Bxf4
Nxf4 35. Qg4 Nxd3 36. Qf3 Qxf3 37. gxf3 Rxa4 38. Rh4 Ra2 39. Rg1 Rh2# 0-1

[Event "AUTO-MASTER-3305"]
[Site "http://www.queenalice.com/game.php?id=1873176"]
[Date "2026.5.8"]
[Round "1"]
[White "cerenzo72"]
[Black "Anusha"]
[Result "1-0"]
[WhiteElo "2077"]
[BlackElo "2182"]

1. c4 c6 2. e4 e5 3. Nc3 Nf6 4. Nf3 d6 5. Be2 Be7 6. O-O O-O 7. d4 exd4 8. Nxd4
Nbd7 9. Nf5 Ne5 10. Nxe7+ Qxe7 11. Bg5 Rd8 12. Qc2 Be6 13. f4 Nxc4 14. f5 Bxf5
15. exf5 Ne5 16. Ne4 Kh8 17. Nxf6 gxf6 18. Bh4 Rg8 19. Rae1 Qd8 20. Bh5 Rg7 21.
Qc3 Qe7 22. Rf2 Rag8 23. h3 Qd8 24. Rd2 1-0

[Event "AUTO-MASTER-3305"]
[Site "http://www.queenalice.com/game.php?id=1873177"]
[Date "2026.5.8"]
[Round "1"]
[White "Anusha"]
[Black "cerenzo72"]
[Result "1-0"]
[WhiteElo "2172"]
[BlackElo "2111"]

1. c4 e6 2. Nc3 d5 3. g3 c6 4. cxd5 exd5 5. d4 Nf6 6. Bg2 Be7 7. Nf3 O-O 8. O-O
c5 9. dxc5 Bxc5 10. Bg5 d4 11. Ne4 Nbd7 12. Nxc5 Nxc5 13. Rc1 Qd5 14. Bxf6 gxf6
15. Nxd4 Qe5 16. e3 Rb8 17. a3 Rd8 18. Qc2 b6 19. Nc6 1-0

[Event "AUTO-MASTER-3305"]
[Site "http://www.queenalice.com/game.php?id=1873188"]
[Date "2026.5.8"]
[Round "1"]
[White "alvm"]
[Black "Anusha"]
[Result "1-0"]
[WhiteElo "2174"]
[BlackElo "2107"]

1. d4 d5 2. c4 c6 3. Nc3 Nf6 4. Nf3 e6 5. cxd5 exd5 6. Bg5 Be7 7. e3 O-O 8. Bd3
Bg4 9. h3 Be6 10. O-O Nbd7 11. Re1 h6 12. Bh4 Bd6 13. Rc1 Be7 14. a3 Re8 15. Bb1
Nf8 16. e4 dxe4 17. Nxe4 Nxe4 18. Bxe7 Rxe7 19. Bxe4 Re8 20. Ne5 Qg5 21. Qd3
Rad8 22. Nf3 Qf6 23. Rcd1 Bd5 24. Bxd5 Rxe1+ 25. Rxe1 Rxd5 26. Re8 Rd8 27. Rxd8
Qxd8 28. Ne5 Ne6 29. Qf5 Qe7 30. Qe4 Qd6 31. Qf5 Qxd4 32. Qxf7+ 1-0

[Event "AUTO-MASTER-3305"]
[Site "http://www.queenalice.com/game.php?id=1873196"]
[Date "2026.5.8"]
[Round "1"]
[White "Anusha"]
[Black "Capixabba789"]
[Result "1-0"]
[WhiteElo "2161"]
[BlackElo "1756"]

1. c4 e5 2. g3 f5 3. Bg2 Nf6 4. Nc3 Be7 5. d3 O-O 6. Nf3 Nc6 7. O-O Nd4 8. Nxe5
d6 9. Nf3 Ne6 10. b4 Bd7 11. Bb2 c6 12. a4 f4 13. Ne4 Nxe4 14. dxe4 Bf6 15. Bxf6
Qxf6 16. Qxd6 Rad8 17. Qe5 fxg3 18. hxg3 Qf7 19. a5 a6 20. Rad1 Kh8 21. c5 Bc8
22. Rxd8 Rxd8 23. Qc3 Nf8 24. Qc2 Ng6 25. Rd1 Rxd1+ 26. Qxd1 Qe7 27. Qd3 Be6 28.
Nd4 Ne5 29. Qc2 Bf7 30. Nf5 Qe8 31. Nd6 Qe7 32. Qc1 Bg6 33. Qf4 h6 34. Bh3 Kh7
35. Bf5 1-0

[Event "AUTO-MASTER-3305"]
[Site "http://www.queenalice.com/game.php?id=1873197"]
[Date "2026.5.8"]
[Round "1"]
[White "Capixabba789"]
[Black "Anusha"]
[Result "0-1"]
[WhiteElo "1754"]
[BlackElo "2162"]

1. d4 d5 2. Nc3 c6 3. f4 Nf6 4. Nf3 Bf5 5. e3 h6 6. Be2 Nbd7 7. O-O e6 8. Ne5
Be7 9. Bf3 O-O 10. Ne2 Ne4 11. Bxe4 Bxe4 12. Ng3 Bh7 13. Qg4 Nf6 14. Qf3 c5 15.
c3 Rc8 16. Bd2 cxd4 17. exd4 b5 18. Rac1 a5 19. a3 Qb6 20. Nh5 Be4 21. Nxf6+
Bxf6 22. Qg3 Qb7 23. Kh1 Kh7 24. b4 axb4 25. axb4 Ra8 26. Ra1 Rac8 27. Ng4 Qe7
28. Ne5 g6 29. Ra5 Qc7 30. Rfa1 Bxe5 31. fxe5 Qc4 32. Bxh6 Kxh6 33. Qf4+ Kh7 34.
Qh4+ Kg8 35. h3 Qxc3 36. Rf1 Qxd4 0-1

[Event "AUTO-ADV-4908"]
[Site "http://www.queenalice.com/game.php?id=1873505"]
[Date "2026.5.18"]
[Round "2"]
[White "Anusha"]
[Black "marcoswerneck"]
[Result "1-0"]
[WhiteElo "2171"]
[BlackElo "1741"]

1. c4 e5 2. Nc3 Bb4 3. Nd5 Bc5 4. a3 Nc6 5. d3 h6 6. g3 Nf6 7. Bg2 Nxd5 8. Bxd5
Qf6 9. e3 Be7 10. Bg2 Qe6 11. Ne2 d6 12. O-O g5 13. b4 h5 14. d4 d5 15. cxd5 Qf5
16. dxc6 b6 17. dxe5 Qxe5 18. Bd2 Rg8 19. Bc3 1-0

[Event "AUTO-ADV-4908"]
[Site "http://www.queenalice.com/game.php?id=1873506"]
[Date "2026.5.18"]
[Round "2"]
[White "marcoswerneck"]
[Black "Anusha"]
[Result "0-1"]
[WhiteElo "1743"]
[BlackElo "2170"]

1. e4 c5 2. d3 d6 3. h3 Nc6 4. a3 Nf6 5. Be2 g6 6. Be3 Bg7 7. Nc3 O-O 8. g4 h6
9. Qd2 a6 10. Bxh6 Nd4 11. Bxg7 Kxg7 12. g5 Nd7 13. O-O-O Ne5 14. h4 Nxe2+ 15.
Qxe2 Bg4 16. f3 Bh5 17. Rf1 b5 18. Nh3 b4 19. Nb1 a5 20. a4 Rc8 21. b3 Nc6 22.
Qe3 Nd4 0-1

[Event "AUTO-ADV-4908"]
[Site "http://www.queenalice.com/game.php?id=1873510"]
[Date "2026.5.18"]
[Round "2"]
[White "carlitomontana93270"]
[Black "Anusha"]
[Result "0-1"]
[WhiteElo "1804"]
[BlackElo "2104"]

1. c4 c5 2. d3 Nc6 3. Nc3 Nf6 4. e3 d6 5. Nf3 e5 6. Be2 Be6 7. O-O Be7 8. Bd2
O-O 9. a3 a6 10. Re1 Rb8 11. Rb1 h6 12. b4 cxb4 13. axb4 b5 14. cxb5 axb5 15. d4
exd4 16. Nxd4 Nxd4 0-1

[Event "AUTO-MASTER-3306"]
[Site "http://www.queenalice.com/game.php?id=1873732"]
[Date "2026.5.21"]
[Round "1"]
[White "Pin"]
[Black "Anusha"]
[Result "1-0"]
[WhiteElo "2011"]
[BlackElo "2138"]

1. d4 d5 2. c4 Nf6 3. cxd5 Qxd5 4. Nf3 c6 5. Nc3 Qa5 6. e3 Bg4 7. Be2 e6 8. O-O
Bd6 9. Bd2 O-O 10. Ne4 Qd8 11. Nxd6 Qxd6 12. Ne5 Bxe2 13. Qxe2 Nbd7 14. Nc4 Qe7
15. Rfd1 Ne4 16. Be1 Rfd8 17. f3 Nef6 18. a3 Nd5 19. e4 N5f6 20. Bb4 Qe8 21. Nd6
Qe7 22. Nxb7 Qe8 23. Nxd8 Qxd8 24. Rac1 Rc8 25. Rc2 Qb6 26. Kh1 Nf8 27. Qd2 Ng6
28. Rdc1 a5 29. Bc3 Nh5 30. g3 Rd8 31. Bxa5 Qb8 32. Bxd8 Qxd8 33. Rxc6 Ne7 34.
R6c5 Nf6 35. Qa5 1-0

[Event "AUTO-MASTER-3306"]
[Site "http://www.queenalice.com/game.php?id=1873733"]
[Date "2026.5.21"]
[Round "1"]
[White "Anusha"]
[Black "Pin"]
[Result "1-0"]
[WhiteElo "2129"]
[BlackElo "2023"]

1. c4 Nf6 2. Nc3 g6 3. g3 Bg7 4. Bg2 O-O 5. Nf3 d5 6. cxd5 Nxd5 7. O-O c6 8. d4
Nd7 9. a3 N7f6 10. Bd2 Re8 11. Re1 Nxc3 12. bxc3 Ne4 13. e3 c5 14. Rb1 c4 15.
Rb4 Nxd2 16. Nxd2 e5 17. Rxc4 exd4 18. cxd4 Rb8 19. Nf3 Bg4 20. Qc1 Rc8 21. Nd2
Rxc4 22. Qxc4 b6 23. Rc1 Bf8 24. Nf3 Bxa3 25. Ra1 Qe7 26. Ne5 Be6 27. Bd5 Bd6
28. Nc6 Bxd5 29. Nxe7+ 1-0

[Event "AUTO-MASTER-3306"]
[Site "http://www.queenalice.com/game.php?id=1873756"]
[Date "2026.5.21"]
[Round "1"]
[White "Anusha"]
[Black "Donidon"]
[Result "0-1"]
[WhiteElo "2151"]
[BlackElo "2145"]

1. c4 Nf6 2. Nc3 g6 3. g3 Bg7 4. Bg2 c6 5. Nf3 O-O 6. O-O d5 7. cxd5 cxd5 8. d4
Nc6 9. a3 b6 10. Bf4 Nh5 11. Bg5 h6 12. Bc1 Bb7 13. e3 e5 14. dxe5 Nxe5 15. Nxe5
Bxe5 16. Bd2 Kh7 0-1

[Event "AUTO-MASTER-3306"]
[Site "http://www.queenalice.com/game.php?id=1873757"]
[Date "2026.5.21"]
[Round "1"]
[White "Donidon"]
[Black "Anusha"]
[Result "1-0"]
[WhiteElo "2157"]
[BlackElo "2139"]

1. e4 c5 2. Nf3 d6 3. d4 cxd4 4. Nxd4 Nf6 5. Nc3 a6 6. Bc4 Bd7 7. Bb3 e6 8. O-O
Be7 9. Qe2 O-O 10. Be3 Nc6 11. Rad1 Ne5 12. h3 Rc8 13. f4 Nc6 14. f5 Nxd4 15.
Bxd4 e5 16. Be3 b5 17. a3 Bc6 18. Bg5 1-0

[Event "AUTO-INT-3944"]
[Site "http://www.queenalice.com/game.php?id=1873798"]
[Date "2026.5.21"]
[Round "2"]
[White "Quanah4"]
[Black "Anusha"]
[Result "0-1"]
[WhiteElo "1909"]
[BlackElo "2096"]

1. c4 c5 2. g3 Nc6 3. Bg2 g6 4. e3 Bg7 5. Nc3 d6 6. Nge2 a6 7. O-O Nf6 8. d4
cxd4 9. exd4 O-O 10. Re1 Bd7 11. b3 Rb8 12. Bb2 Bf5 13. Nf4 e5 14. dxe5 dxe5 15.
Nfe2 Qc7 16. Rc1 Rbd8 17. Nd5 Qb8 18. h3 Rfe8 19. Nxf6+ Bxf6 20. Bd5 Bxh3 21.
Qc2 Nb4 22. Qd2 Nxd5 23. cxd5 Bg7 24. Kh2 Bf5 25. Ng1 Qd6 26. f3 Qxd5 27. Qxd5
Rxd5 28. g4 Bd7 29. Ne2 Rd2 30. Bc3 Rxa2 31. Kg3 Bh6 32. Rcd1 Bb5 33. Nc1 Bf4+
34. Kh3 Rh2# 0-1

[Event "AUTO-INT-3944"]
[Site "http://www.queenalice.com/game.php?id=1873800"]
[Date "2026.5.21"]
[Round "2"]
[White "renet54"]
[Black "Anusha"]
[Result "0-1"]
[WhiteElo "1647"]
[BlackElo "2163"]

1. d4 d6 2. e4 Nd7 3. Nf3 e6 4. Nc3 Be7 5. Bc4 Ngf6 6. O-O O-O 7. Bg5 a6 8. Bxf6
Nxf6 9. Qe2 b5 10. Bb3 Bb7 11. Rad1 Qc8 12. e5 dxe5 13. dxe5 Nd7 14. Rd3 c5 15.
Rfd1 Rd8 16. Ne4 c4 17. Bxc4 bxc4 18. Rc3 Bxe4 19. Qxe4 Nc5 20. Rxd8+ Qxd8 21.
h4 Nxe4 22. Rxc4 Qd1+ 23. Kh2 Nxf2 24. Rc7 Qh1+ 25. Kg3 Ne4+ 26. Kf4 Bd8 0-1

[Event "AUTO-INT-3944"]
[Site "http://www.queenalice.com/game.php?id=1873801"]
[Date "2026.5.21"]
[Round "2"]
[White "Anusha"]
[Black "renet54"]
[Result "1-0"]
[WhiteElo "2128"]
[BlackElo "1663"]

1. c4 c5 2. Nc3 Nf6 3. g3 e6 4. Bg2 Be7 5. d4 cxd4 6. Qxd4 O-O 7. Nf3 Nc6 8. Qd1
Re8 9. O-O b6 10. a3 Bc5 11. Bg5 Bb7 12. Ne4 e5 13. Nxc5 bxc5 14. Qd6 Re6 15.
Qxc5 Qe8 16. Rad1 Ne4 17. Qe3 Nxg5 18. Nxg5 Re7 19. Bd5 Rc8 20. Ne4 d6 21. Nxd6
Qd7 22. Nxb7 Qxb7 23. b4 Qc7 24. Qe4 h6 25. Rd3 Rce8 26. Bxc6 f5 27. Qd5+ Kh7
28. Bxe8 Rxe8 29. Rfd1 e4 30. Qxf5+ g6 31. Rd7+ 1-0